Tribhuvan University Central Library

Higher education and the new international order (Record no. 44469)

MARC details
000 -LEADER
fixed length control field 006470000a22002410004500
082 ## - DEWEY DECIMAL CLASSIFICATION NUMBER
Classification number 378
Item number Sa59h
020 ## - INTERNATIONAL STANDARD BOOK NUMBER
International Standard Book Number 92-803-1104-2
041 ## - LANGUAGE CODE
Language code of text/sound track or separate title Eng
005 - DATE AND TIME OF LATEST TRANSACTION
control field 20120907085202.0
100 ## - MAIN ENTRY--PERSONAL NAME
Personal name Sanyal, Bikas C., ed.
245 ## - TITLE STATEMENT
Title Higher education and the new international order
260 ## - PUBLICATION, DISTRIBUTION, ETC. (IMPRINT)
Place of publication, distribution, etc London
Name of publisher, distributor, etc Frances Pinter, Great Britain
260 ## - PUBLICATION, DISTRIBUTION, ETC. (IMPRINT)
Date of publication, distribution, etc 1982
300 ## - PHYSICAL DESCRIPTION
Extent 242p.
Other physical details illus.
440 ## - SERIES STATEMENT/ADDED ENTRY--TITLE
Title International Institute for Education Planning
518 ## - DATE/TIME AND PLACE OF AN EVENT NOTE
Date/time and place of an event note 2008-06-30
530 ## - ADDITIONAL PHYSICAL FORM AVAILABLE NOTE
Additional physical form available note M
500 ## - GENERAL NOTE
General note Bibliography at the end of each chapter
650 ## - SUBJECT ADDED ENTRY--TOPICAL TERM
Topical term or geographic name as entry element Education
650 ## - SUBJECT ADDED ENTRY--TOPICAL TERM
Topical term or geographic name as entry element Higher education
650 ## - SUBJECT ADDED ENTRY--TOPICAL TERM
Topical term or geographic name as entry element Educational policy
942 ## - ADDED ENTRY ELEMENTS (KOHA)
Koha item type General Collections
Holdings
Withdrawn status Lost status Source of classification or shelving scheme Damaged status Not for loan Home library Current library Shelving location Date acquired Total Checkouts Full call number Barcode Date last seen Price effective from Koha item type
    Dewey Decimal Classification     Tribhuvan University Central Library Tribhuvan University Central Library New Building 06/20/2010   378 Sa59h G64984 06/20/2010 06/20/2010 General Collections